Holiday Haiku Quiz Stats

 Plays Quiz Updated Dec 19, 2015

Also try: Books by Haiku
Challenge
Share
Tweet
Embed
Score 0/20 Timer 04:00
0 Plays Today
Haiku Holiday % Correct
Jesus Christ was born
In the town of Bethlehem
Carols will be sung
Christmas
97.7%
Kids say “Trick or Treat”
Carve out your Jack-o-Lanterns
Witches roam tonight
Halloween
96.5%
Resolution time
Earth orbits the Sun again
Drink and be merry
New Year's
95.3%
A day for love birds
When struck by Cupid’s arrow
Red roses abound
Valentine's Day
94.1%
Death by crucifix
Jesus Christ was born again
Then he leaves again
Easter
91.8%
She gave birth to you
So honor her with presents
And make her dinner
Mother's Day
91.7%
Patron of Ireland
Day and night of being green
Guinness aplenty
St. Patrick’s Day
91.7%
Dragon, dog or rat
Exchanging red envelopes
Lion dance parades
Chinese New Year
89.7%
Try not to be duped
Let your inner prankster out
Penguins fly today
April Fool's Day
88.1%
Watch Macy’s Parade
Black Friday is tomorrow
Be grateful for things
Thanksgiving
87.9%
Haiku Holiday % Correct
Play with your dreidel
Candles in a menorah
Burn on all eight nights
Hanukkah
86.5%
Three point one four one
Five nine two six five three six
Eat a fruit pastry
Pi Day
84.1%
One of five pillars
Each day from dawn until dusk
A month of fasting
Ramadan
77.8%
Sailing Genoan
Aboard Santa Maria
Found America
Columbus Day
77.7%
Storming a prison
Revolution in Paris
Louis was to fall
Bastille Day
77.7%
5th of November
A day not to be forgot
Gunpowder treason
Guy Fawkes Night
70.9%
Avast me hearties
Raise yer hooks and down yer grog
Else ye’ll walk the plank
International Talk Like a Pirate Day
66.5%
Chametz forbidden
Eat matzo instead this week
Firstborns go hungry
Passover
62.8%
Hindu festival
Light triumphs over darkness
Ignite your diyas
Diwali
52.1%
Address the haggis
To celebrate a poet
The bard of Ayrshire
Burns Night
33.5%

You're not logged in!

Compare scores with friends on all Sporcle quizzes.
OR
Log In

You Might Also Like...

Show Comments

Extras

Top Quizzes Today


Score Distribution

Your Account Isn't Verified!

In order to create a playlist on Sporcle, you need to verify the email address you used during registration. Go to your Sporcle Settings to finish the process.

Report this User

Report this user for behavior that violates our Community Guidelines.

Details: